Une ville, un pays (lettre C) - Statistiques

Statistiques générales
  • Ce quiz a été pris 133 fois
  • Le résultat moyen est 17 sur 24
Statistiques - réponses
Hint Réponse % Correct
Cancún Mexique
98%
Casablanca Maroc
96%
Chengdu Chine
94%
Cordoue Espagne
94%
Cracovie Pologne
92%
Cali Colombie
87%
Cuzco Pérou
87%
Cork Irlande
86%
Catane Italie
86%
Colchester Royaume-Uni
84%
Córdoba Argentine
83%
Curitiba Brésil
80%
Coimbra Portugal
73%
Coblence Allemagne
69%
Corpus Christi Etats-Unis
67%
Colombo Sri Lanka
67%
Coimbatore Inde
61%
Cotonou Bénin
58%
Cebu Philippines
52%
Chiraz Iran
42%
Craiova Roumanie
39%
Colón Panama
36%
Chittagong Bangladesh
34%
Cabinda Angola
25%
Aucun quiz correspondant
Distribution des résultats
% des personnes avec chaque résultat
Percentile par nombre de réponses
Votre historique - résultats
Vous n’avez pas pris ce quiz